000 00436nam a2200193Ia 4500
005 20240823035547.0
008 240823s9999||||xx |||||||||||||| ||und||
020 _a978-93-5009-513-3
041 _aENGLISH
082 _A823.92 Q2
100 _aKrishan Partap Singh
245 4 _aThe war Ministry
250 _a1st
260 _c2012
_bHhachette
500 _aYES
650 _aNovel
_bEnglish
942 _cBK
999 _c200980
_d200980